000 00273nam a22001097a 4500
082 _aSYV
100 _aSyvitski, James P. M.
245 _aPrinciples, Methods and Application of Particle Size Analysis
260 _aIndia:
_bWiley,
_c1991.
300 _a362p. ;
942 _cBK
999 _c57357
_d57354